000 00464nam a2200169 a 4500
001 17231
005 20180713210337.0
008 140415s1984 mx 000 0 spa d
020 _a9681316096
041 _aspa
082 _a361.05
_bCOM
245 0 0 _aCOMISION KISSINGER INFORME DE LA COMISION :
_bNACIONAL BIPARTITA SOBRE CENTROAMERICA
250 _a1a ed.
260 _aMEXICO :
_bDIANA,
_c1984
300 _a175
650 1 4 _aAYUDA MATERIAL
999 _c17231
_d17231